• 首页
  • 本馆介绍
  • 公告通知
  • 最新文献
  • 馆藏检索
  • 电子资源
  • 读者导购
  • 参考咨询
  • 我的图书馆
  • 登录
  • 详细信息显示
  • 放入我的书架
  • 预约/预借图书
  • 作者相关作品
  • 分类相关作品
  • 丛书相关作品
  • 出版社相关作品

书目信息

  • 表格格式
  • 工作单格式
  • 卡片格式
题名:
女性跑步健体书
    
 
作者: 墨菲 著 ;樊俊 , 朱丽娜 译
分册:  
出版信息: 北京   中国轻工业出版社  2004
页数: 157页
开本: 21cm
丛书名: 百世文库
单 册:
中图分类: R161.1
科图分类:
主题词: 女性 , 跑 , 女性--跑--健身运动--基本知识 , 健身运动
电子资源:
ISBN: 7-5019-4318-4
000 01033oam2 2200313 450
001 002673054
005 20061114150155.67
010    @a7-5019-4318-4@dCNY29.80
100    @a20040630d2004 em y0chiy0110 ea
101 1  @achi@ceng
102    @aCN@b110000
105    @aa z 000yy
200 1  @a女性跑步健体书@9nv xing pao bu jian ti shu@f(英)萨姆·墨菲(Sam Murphy)著@g樊俊,朱丽娜译
210    @a北京@c中国轻工业出版社@d2004
215    @a157页@c彩图@d21cm
225 2  @a百世文库@i健康经典
330    @a本书以全彩本的形式,阐述跑步健身的科学意义,倡导了全新的跑步概念,提供了实用的跑步方法,以及注意事项等。
462  0 @12001 @a百世文库@i健康经典
510 1  @aThe Real Woman's Guide to Running@zeng
606 0  @a女性
606 0  @a跑
606 0  @a女性@x跑@x健身运动@x基本知识
606 0  @a健身运动
690    @aR161.1@v4
701  0 @c(英)@a墨菲@9mo fei@c(女,Murphy, Sam)@4著
702  0 @a樊俊@9fan jun@c(保健)@4译
702  0 @a朱丽娜@9zhu li na@4译
801  0 @aCN@bNLC@c20061114
905    @a10447@dR161.1@e113
    
    女性跑步健体书/(英)萨姆·墨菲(Sam Murphy)著/樊俊,朱丽娜译.-北京:中国轻工业出版社,2004
    157页:彩图;21cm.-(百世文库.健康经典)
    
    
    ISBN 7-5019-4318-4:CNY29.80
    本书以全彩本的形式,阐述跑步健身的科学意义,倡导了全新的跑步概念,提供了实用的跑步方法,以及注意事项等。
●
相关链接 在E读中查询图书 在五车中查询图书 在当当中查询图书 在豆瓣中查询图书


正题名:女性跑步健体书     索取号:R161.1/113         预约/预借

序号 登录号 条形码 馆藏地/架位号 状态 备注
1 0383095   203830952   第二样本阅览室/ [索取号:R161.1/113] 在馆    
2 0383096   203830961   第三借阅区/ [索取号:R161.1/113] 在馆    
3 0383097   203830970   教育系资料室/ [索取号:R161.1/113] 在馆    
4 0383098   203830989   教育系资料室/ [索取号:R161.1/113] 在馆    
5 0383099   203830998   第三借阅区/ [索取号:R161.1/113] 在馆    
唐山师范学院图书馆 欢迎您!
大连网信软件有限公司© 版权所有